000 00480nam a2200181Ia 4500
005 20250508151835.0
008 008 250505s9999 xx 000 0 eng d
037 _aTextual
040 _aFEDL
_beng
_cFEDL
041 _aeng
_2eng
084 _a910.7, THO
_qFEDL
100 _aThomas Helen G
_9760127
245 0 _aTeaching geography
260 _aLondon, UK
_bGinn and Company Ltd
300 _a112p
942 _cTEXL
_h910.7, THO
999 _c1332443
_d1332443